[Event "AUTO-OPEN-1622"]
[Site "http://www.queenalice.com/game.php?id=751884"]
[Date "2010.3.26"]
[Round "2"]
[White "Bf7"]
[Black "SubRoger"]
[Result "1-0"]
[WhiteElo "2050"]
[BlackElo "2030"]

1. d4 d5 2. c4 c6 3. Nf3 Nf6 4. g3 Nbd7 5. cxd5 cxd5 6. Bg2 e6 7. O-O Be7 8. Nc3
O-O 9. Bf4 a6 10. a4 Re8 11. Rc1 Nf8 12. Nb5 axb5 13. Bc7 bxa4 14. Bxd8 Rxd8 15.
Ne5 N8d7 16. Qd2 b5 17. Nc6 Re8 18. Nxe7+ 1-0

[Event "AUTO-OPEN-1622"]
[Site "http://www.queenalice.com/game.php?id=751889"]
[Date "2010.3.26"]
[Round "2"]
[White "Bf7"]
[Black "vagner_pirai"]
[Result "0-1"]
[WhiteElo "2253"]
[BlackElo "2044"]

1. d4 d5 2. c4 c6 3. Nf3 Nf6 4. g3 e6 5. Qc2 dxc4 6. Qxc4 b5 7. Qb3 a5 8. Bg2 a4
9. Qc2 Nd5 10. e4 Nb4 11. Qe2 e5 12. a3 N4a6 13. Nxe5 Qxd4 14. Bf4 b4 15. O-O
bxa3 16. Nxa3 Bxa3 17. bxa3 Nc5 18. Rfd1 Qc3 0-1

[Event "AUTO-OPEN-1622"]
[Site "http://www.queenalice.com/game.php?id=751890"]
[Date "2010.3.26"]
[Round "2"]
[White "vagner_pirai"]
[Black "Bf7"]
[Result "1-0"]
[WhiteElo "2068"]
[BlackElo "2235"]

1. e4 d5 2. exd5 Qxd5 3. d4 Nf6 4. c4 Qd8 5. Nc3 g6 6. Be3 Bg7 7. Qd2 O-O 8. Bh6
Bxh6 9. Qxh6 Qxd4 10. Rd1 Qxf2+ 11. Kxf2 Ng4+ 12. Ke1 Nxh6 13. Nd5 Na6 14. Nxe7+
Kg7 15. Nxc8 Raxc8 16. Be2 Rfe8 17. Nf3 Re7 18. h3 Rce8 19. Rd2 1-0

[Event "AUTO-MASTER-925"]
[Site "http://www.queenalice.com/game.php?id=757005"]
[Date "2010.4.6"]
[Round "2"]
[White "Bf7"]
[Black "waldi"]
[Result "1/2-1/2"]
[WhiteElo "2042"]
[BlackElo "2042"]

1. d4 c6 2. e4 d5 3. f3 Qa5+ 4. Nc3 Nf6 5. e5 Nfd7 6. f4 g6 7. Nf3 Bg7 8. Bd3
O-O 9. O-O e6 10. Bd2 Qb6 11. Na4 Qc7 12. Bb4 Re8 13. Bd6 Qa5 1/2-1/2

[Event "AUTO-MASTER-925"]
[Site "http://www.queenalice.com/game.php?id=757006"]
[Date "2010.4.6"]
[Round "2"]
[White "waldi"]
[Black "Bf7"]
[Result "1-0"]
[WhiteElo "2025"]
[BlackElo "2059"]

1. d4 f5 2. c4 Nf6 3. Nc3 e6 4. Bg5 Bb4 5. Qb3 Bxc3+ 6. Qxc3 O-O 7. Nf3 h6 8.
Bxf6 Qxf6 9. e3 b6 10. Be2 d6 11. O-O Bb7 12. Nd2 e5 13. d5 Nd7 14. b4 1-0

[Event "AUTO-MASTER-925"]
[Site "http://www.queenalice.com/game.php?id=757007"]
[Date "2010.4.6"]
[Round "2"]
[White "Bf7"]
[Black "Paulsains"]
[Result "0-1"]
[WhiteElo "2105"]
[BlackElo "1909"]

1. d4 Nf6 2. c4 g6 3. Nc3 Bg7 4. e4 d6 5. Bd3 O-O 6. Nge2 e5 7. d5 b6 8. O-O Bb7
9. a3 c6 10. f3 cxd5 11. cxd5 Nbd7 12. b4 a5 13. Be3 axb4 14. axb4 Rxa1 15. Qxa1
Qa8 16. g4 Qxa1 17. Rxa1 Ra8 18. Rxa8+ Bxa8 19. g5 Nh5 20. Bb5 Nf8 21. Bxb6 Nf4
22. Bc6 Bxc6 0-1

[Event "AUTO-MASTER-925"]
[Site "http://www.queenalice.com/game.php?id=757008"]
[Date "2010.4.6"]
[Round "2"]
[White "Paulsains"]
[Black "Bf7"]
[Result "1-0"]
[WhiteElo "1883"]
[BlackElo "2124"]

1. e4 d5 2. exd5 Qxd5 3. Nf3 Nf6 4. Nc3 Qd6 5. Bc4 c6 6. Ng5 Qe5+ 7. Qe2 Qxg5 8.
O-O Bf5 9. d3 Qg6 10. Re1 Nbd7 11. Bf4 e6 12. a4 Be7 13. Qe3 Nb6 14. Bb3 Nbd5
15. Nxd5 Nxd5 16. Bxd5 cxd5 17. c4 dxc4 18. dxc4 O-O 19. Qf3 b6 20. a5 bxa5 21.
Rxa5 1-0

[Event "AUTO-MASTER-946"]
[Site "http://www.queenalice.com/game.php?id=761608"]
[Date "2010.4.15"]
[Round "2"]
[White "HILITO"]
[Black "Bf7"]
[Result "0-1"]
[WhiteElo "2020"]
[BlackElo "2065"]

1. e4 d5 2. e5 c5 3. Nf3 Nc6 4. d3 e6 5. Bf4 Qb6 6. Qc1 Nge7 7. Nbd2 Ng6 8. Bg3
h5 9. h4 Bd7 10. Be2 Nce7 11. c3 Nf5 12. Qc2 Nxg3 13. fxg3 Qc7 14. O-O-O Nxe5
15. Nxe5 Qxe5 16. Rdf1 Qxe2 17. Rf3 Qxg2 18. Rhf1 f6 19. R1f2 Qh1+ 20. Rf1 Qh3
21. Nb3 e5 22. c4 Bg4 23. Qf2 Bxf3 24. Qxf3 O-O-O 25. cxd5 Rxd5 26. Rd1 Qd7 27.
Kb1 c4 28. Nc1 cxd3 29. Nb3 f5 30. Qe3 Kb8 31. Rd2 e4 32. Qf4+ Qc7 0-1

[Event "AUTO-MASTER-946"]
[Site "http://www.queenalice.com/game.php?id=761612"]
[Date "2010.4.15"]
[Round "2"]
[White "jolomol"]
[Black "Bf7"]
[Result "0-1"]
[WhiteElo "2053"]
[BlackElo "2042"]

1. e4 d5 2. exd5 Qxd5 3. Nc3 Qd6 4. Nf3 Nf6 5. d4 c6 6. Bc4 Bg4 7. Bxf7+ Kxf7 8.
Ne5+ Qxe5+ 9. dxe5 Bxd1 10. exf6 Bxc2 11. fxg7 Bxg7 12. O-O Nd7 13. Be3 Rhd8 14.
Rac1 Bf5 15. Kh1 Ne5 0-1

[Event "AUTO-MASTER-946"]
[Site "http://www.queenalice.com/game.php?id=761613"]
[Date "2010.4.15"]
[Round "2"]
[White "Bf7"]
[Black "jolomol"]
[Result "1-0"]
[WhiteElo "2058"]
[BlackElo "2005"]

1. e4 e5 2. d4 exd4 3. c3 dxc3 4. Bc4 d6 5. Nxc3 Be6 6. Bxe6 fxe6 7. Qb3 Qc8 8.
Nh3 c6 9. Ng5 d5 10. O-O Nf6 11. exd5 cxd5 12. Re1 Be7 13. Nxe6 Nc6 14. Nxd5
Nxd5 15. Qxd5 Qd7 16. Qb3 Nd4 17. Nxd4 Qxd4 18. Bg5 1-0

[Event "AUTO-MASTER-946"]
[Site "http://www.queenalice.com/game.php?id=761614"]
[Date "2010.4.15"]
[Round "2"]
[White "CCapivara"]
[Black "Bf7"]
[Result "0-1"]
[WhiteElo "2106"]
[BlackElo "2079"]

1. e4 d5 2. Nf3 dxe4 3. Ng5 e5 4. d3 Nc6 5. Nxe4 f5 6. Nec3 Nf6 7. Bg5 h6 8.
Bxf6 Qxf6 9. Nd5 Qf7 10. Nbc3 Be6 11. Ne3 O-O-O 12. Be2 Bc5 13. O-O f4 14. Ng4
h5 15. Ne4 Be7 16. b4 hxg4 17. Bxg4 Rh4 18. Bxe6+ Qxe6 19. b5 Rdh8 20. bxc6 Rxh2
21. cxb7+ Kb8 22. f3 Qg6 23. Qe2 Bc5+ 24. Nxc5 Rh1+ 0-1

[Event "AUTO-MASTER-946"]
[Site "http://www.queenalice.com/game.php?id=761615"]
[Date "2010.4.15"]
[Round "2"]
[White "Bf7"]
[Black "CCapivara"]
[Result "1-0"]
[WhiteElo "2096"]
[BlackElo "2121"]

1. e4 d6 2. d4 Nf6 3. Nc3 c6 4. Be2 Nbd7 5. Nf3 e5 6. O-O Be7 7. g3 O-O 8. Re1
Re8 9. b3 Qc7 10. Bb2 Nf8 11. Kg2 Ng6 12. Qd3 Bg4 13. h3 Bxf3+ 14. Bxf3 h5 15.
d5 h4 16. Re2 Rac8 17. a4 Bf8 18. Rd1 cxd5 19. Nxd5 Nxd5 20. Qxd5 Qe7 21. Bg4
Qg5 22. Bc1 Qf6 23. Bxc8 Rxc8 24. Qxb7 Qe6 25. Bg5 Rc3 26. Rd3 Rxd3 27. cxd3
hxg3 28. fxg3 f5 29. Rf2 fxe4 30. dxe4 1-0

[Event "AUTO-MASTER-970"]
[Site "http://www.queenalice.com/game.php?id=850170"]
[Date "2010.10.24"]
[Round "2"]
[White "Bf7"]
[Black "Catalin"]
[Result "1-0"]
[WhiteElo "2090"]
[BlackElo "2311"]

1. e4 e5 2. d4 exd4 3. c3 dxc3 4. Nxc3 Bb4 5. Bc4 Bxc3+ 6. bxc3 Qe7 7. Ne2 Qxe4
8. Qb3 Qe7 9. O-O Nf6 10. Bg5 O-O 11. Nf4 Qe5 12. h4 Nc6 13. Rfe1 Qd6 14. Rad1
Na5 15. Rxd6 Nxb3 16. Rxf6 gxf6 17. Bxf6 Nc5 18. Re3 Ne4 19. Rxe4 d6 20. Re3 Bf5
21. Rg3+ Bg6 22. Nxg6 hxg6 23. Rxg6+ 1-0

[Event "AUTO-MASTER-970"]
[Site "http://www.queenalice.com/game.php?id=850171"]
[Date "2010.10.24"]
[Round "2"]
[White "Catalin"]
[Black "Bf7"]
[Result "1-0"]
[WhiteElo "2293"]
[BlackElo "2111"]

1. e4 d5 2. exd5 Qxd5 3. Nc3 Qd6 4. d4 Nf6 5. Be3 a6 6. Nf3 b5 7. a3 Bb7 8. Bd3
Nbd7 9. Qe2 g6 10. O-O Bg7 11. Ng5 O-O 12. Rfe1 e5 13. dxe5 Nxe5 14. Rad1 Neg4
15. g3 Nxe3 16. Qxe3 Qc6 17. Nge4 Ng4 18. Qc5 f5 19. Qxc6 Bxc6 20. Ng5 Rfe8 21.
Be2 Ne5 22. a4 h6 23. axb5 axb5 24. Nxb5 Bxb5 25. Bxb5 Reb8 26. Rxe5 Bxe5 27.
Bc4+ Kg7 28. Rd7+ Kf8 29. Ne6+ Ke8 30. Nc5 Rb6 31. Bf7+ 1-0

[Event "AUTO-MASTER-970"]
[Site "http://www.queenalice.com/game.php?id=850172"]
[Date "2010.10.24"]
[Round "2"]
[White "Bf7"]
[Black "luciopac"]
[Result "1-0"]
[WhiteElo "2072"]
[BlackElo "2116"]

1. e4 d6 2. d4 c6 3. Nc3 Nf6 4. f4 Nbd7 5. Nf3 Qc7 6. e5 Nd5 7. Nxd5 cxd5 8. Bd3
e6 9. O-O Be7 10. Qe1 dxe5 11. fxe5 Nf8 12. c3 Ng6 13. h4 Bd7 14. Qg3 f5 15. h5
1-0

[Event "AUTO-MASTER-970"]
[Site "http://www.queenalice.com/game.php?id=850173"]
[Date "2010.10.24"]
[Round "2"]
[White "luciopac"]
[Black "Bf7"]
[Result "0-1"]
[WhiteElo "2116"]
[BlackElo "2104"]

1. e4 d5 2. e5 c5 3. Nf3 Bg4 4. h3 Bxf3 5. Qxf3 e6 6. Bb5+ Nc6 7. O-O Ne7 8. c3
d4 9. d3 a6 10. Bxc6+ Nxc6 11. Bf4 dxc3 12. bxc3 Be7 13. Rd1 Qd5 14. Qxd5 exd5
15. Nd2 d4 16. Ne4 dxc3 17. Nxc3 O-O-O 18. Ne4 Nb4 19. Nd6+ Bxd6 20. exd6 Nd5
21. Bh2 Nc3 22. Rdc1 Ne2+ 23. Kf1 Nxc1 24. Rxc1 Kd7 25. Rxc5 Rc8 26. Rc7+ Rxc7
27. dxc7 Re8 28. g4 b5 29. g5 b4 30. d4 f6 0-1

[Event "AUTO-OPEN-1534"]
[Site "http://www.queenalice.com/game.php?id=855313"]
[Date "2010.11.5"]
[Round "3"]
[White "Bf7"]
[Black "drow"]
[Result "1-0"]
[WhiteElo "2130"]
[BlackElo "2192"]

1. e4 e5 2. d4 exd4 3. c3 d5 4. exd5 Qxd5 5. cxd4 Nf6 6. Nf3 Bb4+ 7. Nc3 O-O 8.
Be2 Nc6 9. O-O Bxc3 10. bxc3 Bg4 11. h3 Bh5 12. c4 Qd7 13. Bb2 Ne4 14. d5 Nb8
15. Ne5 Bxe2 16. Qxe2 Qf5 17. g4 Qf4 18. Nd3 1-0

[Event "AUTO-OPEN-1534"]
[Site "http://www.queenalice.com/game.php?id=855314"]
[Date "2010.11.5"]
[Round "3"]
[White "drow"]
[Black "Bf7"]
[Result "1-0"]
[WhiteElo "2178"]
[BlackElo "2144"]

1. c3 f5 2. d4 Nf6 3. Bg5 e6 4. Nd2 Be7 5. Bxf6 Bxf6 6. Ngf3 d5 7. e3 O-O 8. Be2
c5 9. O-O Qb6 10. b3 Nc6 11. Rc1 e5 12. dxe5 Nxe5 13. Nxe5 Bxe5 14. Nf3 Qd6 15.
c4 d4 16. Nxe5 Qxe5 17. exd4 Qxd4 18. Qxd4 cxd4 19. Rcd1 Rd8 20. Bf3 1-0

[Event "AUTO-OPEN-1534"]
[Site "http://www.queenalice.com/game.php?id=855315"]
[Date "2010.11.5"]
[Round "3"]
[White "Bf7"]
[Black "Mano171"]
[Result "1-0"]
[WhiteElo "2116"]
[BlackElo "2170"]

1. e4 c5 2. b4 e6 3. bxc5 Bxc5 4. d4 Bb6 5. Nf3 Ne7 6. Bd3 d5 7. e5 Nbc6 8. c3
Qc7 9. Ba3 f6 10. Bd6 Qd8 11. Na3 1-0

[Event "AUTO-OPEN-1534"]
[Site "http://www.queenalice.com/game.php?id=855316"]
[Date "2010.11.5"]
[Round "3"]
[White "Mano171"]
[Black "Bf7"]
[Result "1/2-1/2"]
[WhiteElo "2215"]
[BlackElo "2133"]

1. d4 f5 2. Nf3 Nf6 3. c4 e6 4. a3 b6 5. Nc3 Bb7 6. e3 Be7 7. Bd3 O-O 8. b4 Ne4
9. Qc2 Nxc3 10. Qxc3 Bf6 11. Be2 c5 12. Bb2 Be4 13. O-O Nc6 14. Ne5 d6 1/2-1/2